[Event "LEM Sachsen-Anhalt 2012"]
[Site "Halle"]
[Date "2012.05.17"]
[Round "1.1"]
[White "Rickmann, David"]
[Black "Paul, Johannes"]
[Result "0-1"]
[WhiteElo "1880"]
[BlackElo "2235"]
[PlyCount "48"]
[EventDate "2012.??.??"]
[WhiteTeam "AE Magdeburg"]
[BlackTeam "AE Magdeburg"]

1. e4 c5 2. Nc3 Nc6 3. f4 g6 4. Nf3 Bg7 5. g3 e6 6. Bg2 d6 7. O-O Nge7 8. d3
O-O 9. g4 f5 10. h3 Rb8 11. Nh4 d5 12. Qe1 Nd4 13. Qf2 dxe4 14. dxe4 fxg4 15.
hxg4 g5 16. Nf3 gxf4 17. Ne2 Nxe2+ 18. Qxe2 Ng6 19. c3 Qe7 20. e5 Bd7 21. Qc4
Bc6 22. Re1 Rbd8 23. Qf1 Bxf3 24. Qxf3 Qh4 0-1

[Event "LEM Sachsen-Anhalt 2012"]
[Site "Halle"]
[Date "2012.05.17"]
[Round "1.3"]
[White "Strache, Michael"]
[Black "Matthey, Harald"]
[Result "1-0"]
[WhiteElo "2315"]
[BlackElo "2237"]
[PlyCount "53"]
[EventDate "2012.??.??"]
[WhiteTeam "SV Sangerhausen"]
[BlackTeam "SG 1871 Löberitz"]

1. Nf3 d5 2. c4 c6 3. d4 Nf6 4. Qc2 g6 5. Bf4 Bg7 6. e3 Bf5 7. Qb3 Qa5+ 8. Nc3
b6 9. Ne5 O-O 10. Be2 Be6 11. O-O Ne4 12. Rfd1 f6 13. Nxc6 Nxc6 14. Nxe4 dxe4
15. d5 Bd7 16. dxc6 Bxc6 17. c5+ Kh8 18. Qe6 Rac8 19. b4 Qa4 20. Rac1 Ba8 21.
h4 Rfe8 22. cxb6 Rxc1 23. Rxc1 axb6 24. Rc8 h5 25. b5 Rf8 26. Rxf8+ Bxf8 27.
Bc4 1-0

[Event "LEM Sachsen-Anhalt 2012"]
[Site "Halle"]
[Date "2012.05.17"]
[Round "1.4"]
[White "Schütze, Norman"]
[Black "Mertens, Fridolin"]
[Result "1/2-1/2"]
[WhiteElo "2246"]
[BlackElo "2038"]
[PlyCount "29"]
[EventDate "2012.??.??"]
[WhiteTeam "SG 1871 Löberitz"]
[BlackTeam "SG 1871 Löberitz"]

1. e4 c5 2. Nc3 d6 3. Nge2 Nc6 4. d4 cxd4 5. Nxd4 a6 6. Be3 Nf6 7. f3 h5 8. Bc4
e6 9. Qe2 Bd7 10. O-O-O Qc7 11. f4 O-O-O 12. f5 Re8 13. fxe6 fxe6 14. Nf3 d5
15. Bb3 1/2-1/2

[Event "LEM Sachsen-Anhalt 2012"]
[Site "Halle"]
[Date "2012.05.17"]
[Round "2.1"]
[White "Paul, Johannes"]
[Black "Mertens, Fridolin"]
[Result "1-0"]
[WhiteElo "2235"]
[BlackElo "2038"]
[PlyCount "47"]
[EventDate "2012.??.??"]
[WhiteTeam "AE Magdeburg"]
[BlackTeam "SG 1871 Löberitz"]

1. c4 Nf6 2. g3 e6 3. Bg2 d5 4. Nf3 c6 5. b3 Be7 6. O-O Nbd7 7. Bb2 O-O 8. d4
b6 9. Qc2 Ba6 10. Nbd2 Rc8 11. e4 dxe4 12. Nxe4 c5 13. Rfd1 Qc7 14. dxc5 Bxc5
15. Rd2 Bb7 16. Neg5 h6 17. Rxd7 Qxd7 18. Rd1 Qe8 19. Bxf6 hxg5 20. Nxg5 g6 21.
Bxb7 Rc7 22. Ne4 Rxb7 23. Qc3 Kh7 24. g4 1-0

[Event "LEM Sachsen-Anhalt 2012"]
[Site "Halle"]
[Date "2012.05.17"]
[Round "2.2"]
[White "Matthey, Harald"]
[Black "Schütze, Norman"]
[Result "0-1"]
[WhiteElo "2237"]
[BlackElo "2246"]
[PlyCount "50"]
[EventDate "2012.??.??"]
[WhiteTeam "SG 1871 Löberitz"]
[BlackTeam "SG 1871 Löberitz"]

1. c4 e5 2. Nc3 Nc6 3. Nf3 g6 4. d4 exd4 5. Nxd4 Bg7 6. e3 Nf6 7. Be2 O-O 8.
O-O Re8 9. Qa4 Nxd4 10. exd4 d5 11. cxd5 Bd7 12. Qc4 c6 13. Be3 Nxd5 14. Nxd5
Be6 15. Qb4 Bxd5 16. Bc4 Bxc4 17. Qxc4 Qd7 18. Rfd1 Rad8 19. Qb3 Qe7 20. h3 Rd5
21. a4 Red8 22. Re1 Qc7 23. Qa3 R8d7 24. Bh6 Qd8 25. Bg5 Rxg5 0-1

[Event "LEM Sachsen-Anhalt 2012"]
[Site "Halle"]
[Date "2012.05.17"]
[Round "2.3"]
[White "Luther, Jürgen"]
[Black "Strache, Michael"]
[Result "1/2-1/2"]
[WhiteElo "2163"]
[BlackElo "2315"]
[PlyCount "99"]
[EventDate "2012.??.??"]
[WhiteTeam "USV VB Halle"]
[BlackTeam "SV Sangerhausen"]

1. d4 d6 2. e4 Nf6 3. Nc3 e5 4. dxe5 dxe5 5. Qxd8+ Kxd8 6. Bg5 Be7 7. O-O-O+
Nbd7 8. Bc4 Ng4 9. Bxe7+ Kxe7 10. Nd5+ Kd8 11. Rd2 c6 12. Nc3 Ke7 13. h3 Nh6
14. g4 f6 15. Nge2 b5 16. Bb3 Nc5 17. f3 a5 18. a3 Nxb3+ 19. cxb3 Nf7 20. h4
Be6 21. Kc2 Rab8 22. Nc1 h5 23. Rg2 hxg4 24. fxg4 Rh6 25. Nd3 Rbh8 26. h5 g6
27. Nc5 Bc8 28. Nd1 gxh5 29. gxh5 Rxh5 30. Rxh5 Rxh5 31. Ne3 Kd6 32. b4 axb4
33. axb4 Ng5 34. Rd2+ Kc7 35. Rf2 Rh6 36. Kc1 Ne6 37. Nf5 Rh1+ 38. Kd2 Kb6 39.
Nd6 Nxc5 40. Nxc8+ Kc7 41. bxc5 Kxc8 42. Rxf6 Rh2+ 43. Kc3 Kd7 44. Rd6+ Kc7 45.
Re6 Rh5 46. Kb4 Kd7 47. Rd6+ Kc7 48. Re6 Kd7 49. Rd6+ Kc7 50. Re6 1/2-1/2

[Event "LEM Sachsen-Anhalt 2012"]
[Site "Halle"]
[Date "2012.05.17"]
[Round "2.4"]
[White "Rickmann, David"]
[Black "Pichler, Manfred"]
[Result "1-0"]
[PlyCount "45"]
[EventDate "2012.??.??"]
[WhiteElo "1880"]
[BlackElo "2118"]
[WhiteTeam "AE Magdeburg"]
[BlackTeam "USV VB Halle"]

1. e4 d5 2. exd5 Qxd5 3. Nc3 Qa5 4. d4 c6 5. Bc4 Bf5 6. Nge2 e6 7. O-O Nd7 8.
Bd2 Qb6 9. a4 Bd6 10. Bf4 Bxf4 11. Nxf4 Qxb2 12. Qe1 Qb4 13. Bb3 Qxd4 14. Nxe6
fxe6 15. Bxe6 O-O-O 16. Bxf5 Ngf6 17. Rd1 Qf4 18. Ne4 Kb8 19. Nd6 Nb6 20. g3
Qxa4 21. Qe7 Rxd6 22. Qxd6+ Ka8 23. Qd8+ 1-0

[Event "LEM Sachsen-Anhalt 2012"]
[Site "Halle"]
[Date "2012.05.17"]
[Round "3.1"]
[White "Pichler, Manfred"]
[Black "Paul, Johannes"]
[Result "0-1"]
[WhiteElo "2118"]
[BlackElo "2235"]
[PlyCount "74"]
[EventDate "2012.??.??"]
[WhiteTeam "USV VB Halle"]
[BlackTeam "AE Magdeburg"]

1. e4 c5 2. Nf3 g6 3. Bc4 Nc6 4. O-O Bg7 5. c3 e6 6. d4 cxd4 7. cxd4 d5 8. exd5
exd5 9. Re1+ Nge7 10. Bb3 O-O 11. h3 Be6 12. Nc3 Nf5 13. Bg5 Qa5 14. Ne2 Rfe8
15. Rc1 Rac8 16. Bd2 Qb6 17. Bc3 Nd6 18. Ba4 Ne4 19. Qb3 Qc7 20. Bb4 Qd8 21.
Bxc6 bxc6 22. Qa4 Bd7 23. Ba5 Qf6 24. Qa3 h5 25. Kf1 g5 26. g4 hxg4 27. hxg4
Bxg4 28. Neg1 Bh5 29. Rc2 g4 30. Ne5 c5 31. Nd7 Qxd4 32. Bc3 Qd3+ 33. Rce2 Bxc3
34. bxc3 g3 35. f3 Nd2+ 36. Kg2 Bxf3+ 37. Nxf3 Qxf3+ 0-1

[Event "LEM Sachsen-Anhalt 2012"]
[Site "Halle"]
[Date "2012.05.17"]
[Round "3.2"]
[White "Strache, Michael"]
[Black "Rickmann, David"]
[Result "1-0"]
[WhiteElo "2315"]
[BlackElo "1880"]
[PlyCount "49"]
[EventDate "2012.??.??"]
[WhiteTeam "SV Sangerhausen"]
[BlackTeam "AE Magdeburg"]

1. d4 Nf6 2. Nf3 g6 3. g3 Bg7 4. Bg2 O-O 5. O-O d5 6. c4 Nc6 7. cxd5 Nxd5 8. e4
Nb6 9. d5 Ne5 10. Nxe5 Bxe5 11. Nc3 f5 12. f4 Bg7 13. e5 Rb8 14. a4 a6 15. Be3
Nd7 16. Ba7 Ra8 17. Bd4 Rb8 18. Qe2 b6 19. Rad1 Bb7 20. Rd2 Kh8 21. Rfd1 Qe8
22. Qf2 e6 23. a5 b5 24. Ba7 b4 25. Ne2 1-0

[Event "LEM Sachsen-Anhalt 2012"]
[Site "Halle"]
[Date "2012.05.17"]
[Round "3.3"]
[White "Schütze, Norman"]
[Black "Luther, Jürgen"]
[Result "1-0"]
[WhiteElo "2246"]
[BlackElo "2163"]
[PlyCount "107"]
[EventDate "2012.??.??"]
[WhiteTeam "SG 1871 Löberitz"]
[BlackTeam "USV VB Halle"]

1. e4 e6 2. d4 d5 3. Nc3 Bb4 4. e5 c5 5. a3 Bxc3+ 6. bxc3 Qa5 7. Bd2 c4 8. Qg4
g6 9. h4 h5 10. Qf4 Bd7 11. Nh3 Ba4 12. Ng5 Qc7 13. Kd1 Nc6 14. Rh3 Nd8 15. Be2
Qe7 16. g4 hxg4 17. Bxg4 Nh6 18. h5 gxh5 19. Rxh5 Qf8 20. Qf6 Kd7 21. Be2 Nc6
22. Nxe6 fxe6 23. Bxh6 Qe7 24. Kd2 Rag8 25. Qxe7+ Nxe7 26. Rah1 Nf5 27. Bg5
Rxh5 28. Rxh5 Kc7 29. Rh7+ Rg7 30. Rxg7+ Nxg7 31. Bf6 Ne8 32. Bh5 Kd7 33. Bg6
Nc7 34. f4 Nb5 35. f5 Nxa3 36. Bf7 exf5 37. e6+ Kd6 38. e7 Nb1+ 39. Ke3 Nxc3
40. e8=Q Bxe8 41. Bxe8 b5 42. Bd8 b4 43. Ba5 Na2 44. Ba4 Ke6 45. Kf4 Nc3 46.
Be8 Ne2+ 47. Ke3 b3 48. cxb3 cxb3 49. Ba4 b2 50. Bc2 Nc1 51. Bc3 f4+ 52. Kf3
Na2 53. Bxb2 Nb4 54. Bb1 1-0

[Event "LEM Sachsen-Anhalt 2012"]
[Site "Halle"]
[Date "2012.05.17"]
[Round "3.4"]
[White "Mertens, Fridolin"]
[Black "Matthey, Harald"]
[Result "0-1"]
[WhiteElo "2038"]
[BlackElo "2235"]
[PlyCount "54"]
[EventDate "2012.??.??"]
[WhiteTeam "SG 1871 Löberitz"]
[BlackTeam "SG 1871 Löberitz"]

1. e4 c6 2. d4 Na6 3. Nf3 g6 4. Nc3 Nc7 5. Be3 Bg7 6. Qd2 d6 7. h3 b5 8. O-O-O
b4 9. Ne2 Rb8 10. Nf4 Nf6 11. Bd3 d5 12. Ne5 Rb6 13. exd5 Nfxd5 14. Nxd5 Nxd5
15. Bh6 Bf6 16. Rhe1 Bf5 17. Bxf5 gxf5 18. Qe2 Nc3 19. Qh5 Nxa2+ 20. Kb1 Nc3+
21. Kc1 Qd5 22. Qxf5 Nxd1 23. Rxd1 Qe6 24. Qf4 c5 25. Qf3 Bxe5 26. dxe5 Qxh6+
27. Kb1 O-O 0-1

[Event "LEM Sachsen-Anhalt 2012"]
[Site "Halle"]
[Date "2012.05.17"]
[Round "4.1"]
[White "Paul, Johannes"]
[Black "Matthey, Harald"]
[Result "1-0"]
[WhiteElo "2235"]
[BlackElo "2237"]
[PlyCount "82"]
[EventDate "2012.??.??"]
[WhiteTeam "AE Magdeburg"]
[BlackTeam "SG 1871 Löberitz"]

1. c4 c6 2. Nf3 d5 3. e3 Bg4 4. Qb3 Qc7 5. cxd5 Bxf3 6. gxf3 cxd5 7. Nc3 e6 8.
d4 Nc6 9. Bd2 f5 10. Rc1 Nf6 11. Na4 Rc8 12. Bd3 Qd7 13. Ke2 Bd6 14. Nc5 Bxc5
15. Rxc5 O-O 16. Rhc1 Qf7 17. Bb5 Nd7 18. R5c2 Ndb8 19. Bb4 Rfd8 20. Qa3 a6 21.
Bd3 Rd7 22. Bd6 Re8 23. Bf4 h6 24. b4 Qf8 25. Rc5 g5 26. Bxb8 Nxb8 27. b5 b6
28. R5c3 a5 29. Qxf8+ Kxf8 30. a4 Ke7 31. Bb1 Rdd8 32. Kd3 Rf8 33. Ba2 Nd7 34.
Rc7 Rb8 35. R1c6 Rfd8 36. e4 dxe4+ 37. fxe4 Kf8 38. Ke3 f4+ 39. Ke2 e5 40. dxe5
f3+ 41. Ke1 h5 1-0

[Event "LEM Sachsen-Anhalt 2012"]
[Site "Halle"]
[Date "2012.05.17"]
[Round "4.2"]
[White "Luther, Jürgen"]
[Black "Mertens, Fridolin"]
[Result "1/2-1/2"]
[WhiteElo "2163"]
[BlackElo "2038"]
[PlyCount "98"]
[EventDate "2012.??.??"]
[WhiteTeam "USV VB Halle"]
[BlackTeam "SG 1871 Löberitz"]

1. c4 Nf6 2. g3 e6 3. Bg2 d5 4. Nf3 c6 5. b3 Be7 6. Bb2 Nbd7 7. O-O O-O 8. d3
Qc7 9. cxd5 exd5 10. Nbd2 Re8 11. Re1 Bc5 12. e3 a5 13. Rc1 Qb6 14. Qc2 Bd6 15.
d4 Nf8 16. Ne5 Be6 17. h3 Ng6 18. f4 Ne7 19. g4 g6 20. Bf3 Nd7 21. Kg2 f5 22.
g5 Nc8 23. Nd3 Bf8 24. Nc5 Nd6 25. h4 Kf7 26. Be2 Qc7 27. a4 Nb6 28. Nf3 Nd7
29. Nxd7 Bxd7 30. Ne5+ Kg7 31. h5 Nf7 32. Bf3 Be6 33. Rh1 Bd6 34. Rh2 Rh8 35.
Rch1 Nxe5 36. dxe5 Bb4 37. Kg3 Qe7 38. hxg6 hxg6 39. Rh6 Rxh6 40. Rxh6 Rh8 41.
Qh2 Qf8 42. Kf2 Rxh6 43. Qxh6+ Kf7 44. Qh7+ Qg7 45. Qh1 Ke8 46. Bd1 Kd7 47. Bc2
Qe7 48. Qh6 Bf7 49. Qh7 Kc7 1/2-1/2

[Event "LEM Sachsen-Anhalt 2012"]
[Site "Halle"]
[Date "2012.05.17"]
[Round "5.1"]
[White "Strache, Michael"]
[Black "Paul, Johannes"]
[Result "1/2-1/2"]
[WhiteElo "2315"]
[BlackElo "2235"]
[PlyCount "25"]
[EventDate "2012.??.??"]
[WhiteTeam "SV Sangerhausen"]
[BlackTeam "AE Magdeburg"]

1. d4 Nf6 2. Nf3 g6 3. g3 Bg7 4. Bg2 c5 5. c4 cxd4 6. Nxd4 O-O 7. Nc3 Qc7 8.
Bg5 Qxc4 9. Rc1 Nc6 10. Ncb5 Qxa2 11. Ra1 Qc4 12. Rc1 Qa2 13. Ra1 1/2-1/2

[Event "LEM Sachsen-Anhalt 2012"]
[Site "Halle"]
[Date "2012.05.17"]
[Round "5.2"]
[White "Schütze, Norman"]
[Black "Pichler, Manfred"]
[Result "1-0"]
[WhiteElo "2246"]
[BlackElo "2118"]
[PlyCount "79"]
[EventDate "2012.??.??"]
[WhiteTeam "SG 1871 Löberitz"]
[BlackTeam "USV VB Halle"]

1. e4 d5 2. exd5 Qxd5 3. Nc3 Qa5 4. d4 c6 5. Nf3 Nf6 6. Bc4 Bf5 7. Bd2 e6 8.
Nd5 Qd8 9. Nxf6+ Qxf6 10. O-O Bg4 11. Be2 Bd6 12. Ne5 Bxe2 13. Qxe2 Nd7 14.
Rfe1 O-O-O 15. Ba5 Bc7 16. Nxc6 Bxa5 17. Nxa5 Qxd4 18. Rad1 Qb4 19. Nb3 Nf6 20.
a3 Qb6 21. Nd2 Qc6 22. c4 Rd4 23. Nf3 Re4 24. Qd2 Rxe1+ 25. Rxe1 Rd8 26. Qg5
Ne8 27. h3 Qa4 28. Qc5+ Kb8 29. Qh5 f6 30. Rxe6 Nc7 31. Re1 Qxc4 32. Qxh7 g5
33. Qe7 Re8 34. Rd1 Rc8 35. Qxf6 Qc2 36. Rd8 Na6 37. Rxc8+ Qxc8 38. Nxg5 Qc1+
39. Kh2 Qc7+ 40. f4 1-0

[Event "LEM Sachsen-Anhalt 2012"]
[Site "Halle"]
[Date "2012.05.17"]
[Round "5.3"]
[White "Mertens, Fridolin"]
[Black "Rickmann, David"]
[Result "1-0"]
[WhiteElo "2038"]
[BlackElo "1880"]
[PlyCount "67"]
[EventDate "2012.??.??"]
[WhiteTeam "SG 1871 Löberitz"]
[BlackTeam "AE Magdeburg"]

1. e4 d5 2. exd5 Qxd5 3. Nc3 Qd6 4. d4 Nf6 5. Nf3 a6 6. Bd3 Bg4 7. h3 Bh5 8.
O-O Nc6 9. Ne4 Nxe4 10. Bxe4 e6 11. c3 O-O-O 12. Qa4 f6 13. b4 Na7 14. Qc2 f5
15. Bd3 Bxf3 16. gxf3 Be7 17. Re1 Bf6 18. Rxe6 Qd5 19. Bxf5 Kb8 20. Qe4 Qc4 21.
Qd3 Qd5 22. Re1 Nb5 23. Bf4 g6 24. Be6 Qc6 25. Rac1 Rhe8 26. a4 Rxe6 27. Rxe6
Qxe6 28. axb5 axb5 29. Qxb5 Rd5 30. Qa4 Qa6 31. Qe8+ Rd8 32. Qf7 Qc6 33. Bxc7+
Qxc7 34. Qxf6 1-0

[Event "LEM Sachsen-Anhalt 2012"]
[Site "Halle"]
[Date "2012.05.17"]
[Round "5.4"]
[White "Matthey, Harald"]
[Black "Luther, Jürgen"]
[Result "1-0"]
[WhiteElo "2237"]
[BlackElo "2163"]
[PlyCount "47"]
[EventDate "2012.??.??"]
[WhiteTeam "SG 1871 Löberitz"]
[BlackTeam "USV VB Halle"]

1. d4 e6 2. Nf3 d5 3. c4 f5 4. Nc3 Nf6 5. Bf4 c6 6. e3 Be7 7. h3 Ne4 8. Bd3 Nd7
9. Qc2 Ndf6 10. g4 Nxc3 11. bxc3 Ne4 12. Rg1 g6 13. c5 Bg5 14. Bh2 Bh4 15. Rg2
O-O 16. g5 Bxf2+ 17. Rxf2 Nxf2 18. Kxf2 b6 19. Bd6 Re8 20. h4 bxc5 21. dxc5 a5
22. Ne5 Ba6 23. Bxa6 Rxa6 24. Rb1 1-0

[Event "LEM Sachsen-Anhalt 2012"]
[Site "Halle"]
[Date "2012.05.17"]
[Round "6.1"]
[White "Paul, Johannes"]
[Black "Luther, Jürgen"]
[Result "1-0"]
[WhiteElo "2235"]
[BlackElo "2163"]
[PlyCount "69"]
[EventDate "2012.??.??"]
[WhiteTeam "AE Magdeburg"]
[BlackTeam "USV VB Halle"]

1. c4 e6 2. Nf3 b6 3. g3 Bb7 4. Bg2 f5 5. O-O Nf6 6. Nc3 Bb4 7. Qb3 a5 8. d4
O-O 9. Rd1 Bxc3 10. Qxc3 Qe7 11. b3 d6 12. Ba3 Nbd7 13. Rac1 Rab8 14. Ne5 Ne4
15. Qe3 Qe8 16. Nd3 Rd8 17. Nf4 g5 18. Nd3 h6 19. Bb2 Qf7 20. c5 Bd5 21. cxd6
f4 22. gxf4 gxf4 23. Qh3 Qg6 24. dxc7 Ng5 25. Qg4 Nf6 26. cxd8=Q Nxg4 27. Nxf4
Qf7 28. Qc7 Bxg2 29. Qxf7+ Rxf7 30. Rc8+ Kh7 31. Kxg2 Rxf4 32. Rf1 Ne4 33. Bc1
Rf7 34. f3 Nd6 35. Rc6 1-0

[Event "LEM Sachsen-Anhalt 2012"]
[Site "Halle"]
[Date "2012.05.17"]
[Round "6.2"]
[White "Rickmann, David"]
[Black "Matthey, Harald"]
[Result "1-0"]
[WhiteElo "1880"]
[BlackElo "2237"]
[PlyCount "111"]
[EventDate "2012.??.??"]
[WhiteTeam "AE Magdeburg"]
[BlackTeam "SG 1871 Löberitz"]

1. e4 Nf6 2. e5 Nd5 3. c4 Nb6 4. d4 d6 5. exd6 exd6 6. Nc3 Be7 7. Be3 O-O 8.
Bd3 Re8 9. Nf3 Bg4 10. O-O Nc6 11. b3 Bf6 12. Be2 d5 13. c5 Nc8 14. h3 Bh5 15.
Rc1 h6 16. b4 a6 17. Qb3 N8e7 18. Rfd1 Qd7 19. Ne5 Nxe5 20. Bxh5 Nc4 21. Bg4
Qd8 22. Nxd5 Nxd5 23. Rxc4 Nxe3 24. fxe3 Bg5 25. Rc3 Qe7 26. Re1 Rad8 27. Re2
c6 28. Rd3 Qc7 29. e4 Re7 30. d5 cxd5 31. exd5 Rxe2 32. Bxe2 Qe5 33. Qd1 Re8
34. Bf1 Be3+ 35. Kh1 Qb2 36. Qe2 Qxe2 37. Bxe2 Bf4 38. g3 Bxg3 39. Rxg3 Rxe2
40. Rc3 Re8 41. a4 Kf8 42. b5 axb5 43. axb5 Rc8 44. d6 Ke8 45. c6 bxc6 46. bxc6
Kd8 47. Kg2 Ra8 48. Kf3 g5 49. Kg4 Ra4+ 50. Kf5 Rd4 51. Ke5 Rd1 52. Ra3 Re1+
53. Kf5 Rf1+ 54. Kg4 f5+ 55. Kh5 Ke8 56. Kg6 1-0

[Event "LEM Sachsen-Anhalt 2012"]
[Site "Halle"]
[Date "2012.05.17"]
[Round "6.3"]
[White "Pichler, Manfred"]
[Black "Mertens, Fridolin"]
[Result "0-1"]
[WhiteElo "2118"]
[BlackElo "2038"]
[PlyCount "92"]
[EventDate "2012.??.??"]
[WhiteTeam "USV VB Halle"]
[BlackTeam "SG 1871 Löberitz"]

1. e4 c5 2. Nf3 d6 3. d4 cxd4 4. Qxd4 a6 5. Qa4+ Bd7 6. Qb3 Bc6 7. Nd4 Qc7 8.
Nxc6 Nxc6 9. Be3 Nf6 10. Nd2 e6 11. Bb6 Qd7 12. f4 Be7 13. Be2 Bd8 14. Bf2 Rc8
15. O-O O-O 16. Rad1 b5 17. Qh3 Qb7 18. Kh1 Ne7 19. Bd3 e5 20. fxe5 dxe5 21.
Be3 Nc6 22. Qg3 Kh8 23. Nf3 Re8 24. Nh4 Ne7 25. Nf5 Nxf5 26. Rxf5 Qc7 27. Rdf1
Re6 28. Bd2 g6 29. R5f3 Qd7 30. Bc3 Nh5 31. Qf2 f6 32. g3 Be7 33. a3 Rxc3 34.
bxc3 Bxa3 35. Be2 Qc6 36. Qe3 Bc5 37. Qh6 Qxe4 38. Bd3 Qg4 39. Be2 Qh3 40. Qc1
e4 41. Re3 f5 42. Rd1 f4 43. Bf1 Qg4 44. Rd8+ Kg7 45. Re1 Qf3+ 46. Bg2 Nxg3+
0-1

[Event "LEM Sachsen-Anhalt 2012"]
[Site "Halle"]
[Date "2012.05.17"]
[Round "6.4"]
[White "Strache, Michael"]
[Black "Schütze, Norman"]
[Result "1/2-1/2"]
[WhiteElo "2315"]
[BlackElo "2246"]
[PlyCount "37"]
[EventDate "2012.??.??"]
[WhiteTeam "SV Sangerhausen"]
[BlackTeam "SG 1871 Löberitz"]

1. Nf3 Nf6 2. d4 g6 3. g3 Bg7 4. Bg2 d5 5. O-O O-O 6. c4 c6 7. cxd5 cxd5 8. Nc3
Nc6 9. Ne5 Be6 10. Nxc6 bxc6 11. Na4 Nd7 12. Bf4 Qa5 13. e3 Rac8 14. a3 c5 15.
b4 cxb4 16. Qb3 bxa3 17. Rxa3 a6 18. Qa2 Qb4 19. Rb1 1/2-1/2

[Event "LEM Sachsen-Anhalt 2012"]
[Site "Halle"]
[Date "2012.05.17"]
[Round "7.1"]
[White "Schütze, Norman"]
[Black "Paul, Johannes"]
[Result "1/2-1/2"]
[WhiteElo "2246"]
[BlackElo "2235"]
[PlyCount "61"]
[EventDate "2012.??.??"]
[WhiteTeam "SG 1871 Löberitz"]
[BlackTeam "AE Magdeburg"]

1. e4 e6 2. d4 d5 3. Nc3 Nc6 4. Nf3 Nf6 5. e5 Ne4 6. Ne2 f6 7. Ng3 fxe5 8. Bb5
exd4 9. Nxe4 dxe4 10. Nxd4 Qd5 11. c4 Bb4+ 12. Bd2 Qxd4 13. Bxc6+ bxc6 14. Bxb4
Qxc4 15. Ba3 Ba6 16. Rc1 Qd3 17. Qxd3 Bxd3 18. Rxc6 O-O-O 19. Rxe6 Rd7 20. Re7
Bb1 21. Rxd7 Kxd7 22. Bc5 Rb8 23. Bd4 Bxa2 24. Bxg7 Rg8 25. Bd4 Rxg2 26. Bxa7
Bd5 27. Be3 Ke6 28. Kd2 Rxf2+ 29. Bxf2 e3+ 30. Kxe3 Bxh1 31. Kd4 1/2-1/2

[Event "LEM Sachsen-Anhalt 2012"]
[Site "Halle"]
[Date "2012.05.17"]
[Round "7.3"]
[White "Matthey, Harald"]
[Black "Pichler, Manfred"]
[Result "1-0"]
[WhiteElo "2235"]
[BlackElo "2118"]
[PlyCount "83"]
[EventDate "2012.??.??"]
[WhiteTeam "SG 1871 Löberitz"]
[BlackTeam "USV VB Halle"]

1. d4 Nf6 2. Nf3 e6 3. c4 Bb4+ 4. Bd2 Bxd2+ 5. Nbxd2 O-O 6. e4 d6 7. e5 Nfd7 8.
exd6 cxd6 9. Bd3 d5 10. Qc2 Nf6 11. c5 Nc6 12. a3 e5 13. dxe5 Re8 14. O-O Nxe5
15. Nxe5 Rxe5 16. Nf3 Re7 17. Rfe1 Be6 18. Nd4 Bd7 19. b4 a6 20. h3 Qe8 21. Qd2
Qf8 22. Rxe7 Qxe7 23. Re1 Qf8 24. Re5 Re8 25. f4 g6 26. Qe2 Nh5 27. Qe3 f5 28.
Rxe8 Qxe8 29. Qe5 Qxe5 30. fxe5 Nf4 31. c6 Bc8 32. Bf1 Kf7 33. b5 Ne6 34. cxb7
Bxb7 35. bxa6 Ba8 36. Nb5 Ke7 37. a4 Kd7 38. g3 Nc5 39. Nd4 Kc7 40. Bb5 Kb6 41.
e6 Nxa6 42. Bxa6 1-0

[Event "LEM Sachsen-Anhalt 2012"]
[Site "Halle"]
[Date "2012.05.17"]
[Round "7.4"]
[White "Luther, Jürgen"]
[Black "Rickmann, David"]
[Result "1-0"]
[WhiteElo "2163"]
[BlackElo "1880"]
[PlyCount "95"]
[EventDate "2012.??.??"]
[WhiteTeam "USV VB Halle"]
[BlackTeam "AE Magdeburg"]

1. c4 e5 2. Nc3 g6 3. g3 Bg7 4. Bg2 d6 5. d3 f5 6. e3 Nf6 7. Nge2 O-O 8. O-O
Nc6 9. Rb1 Rb8 10. b4 Ne7 11. b5 b6 12. Ba3 Bb7 13. Bxb7 Rxb7 14. Qb3 Kh8 15.
Rbd1 g5 16. f4 Ng4 17. Bc1 Bh6 18. h3 Nf6 19. Rf2 Qe8 20. Kf1 Qh5 21. Ng1 gxf4
22. exf4 Qg6 23. Nce2 Nh5 24. d4 e4 25. Rg2 Nf6 26. d5 a5 27. bxa6 Ra7 28. Nd4
Rxa6 29. Ne6 Rc8 30. Bb2 Kg8 31. Ne2 Ra7 32. N2d4 Kf7 33. Kf2 Qh5 34. Rdg1 Qxh3
35. Nb5 Rb7 36. Qc3 e3+ 37. Ke1 Ng4 38. Ng5+ Bxg5 39. Qg7+ Ke8 40. fxg5 f4 41.
Bf6 Ng6 42. Qg8+ Nf8 43. Bg7 Ke7 44. Bxf8+ Rxf8 45. Qe6+ Kd8 46. Nd4 Ne5 47.
Qxh3 f3 48. Ne6+ 1-0